000 00585nam a22002057a 4500
005 20241205172836.0
010 _aENG-142866
020 _c1500.00
_a9789392595035
035 _aEN-126398
037 _bDBAD
082 _a709.011
100 _aSharma, Lalita
_974763
245 _aPrehistoric Rock Art of India /
_cby Lalita Sharma
250 _a1
260 _aNew Delhi
_bRishabh Books
_c2022
270 _a4575/15,,Ansari Road,Daryaganj,
_bNew Delhi
_e110002
300 _a288p.
_c23cm(Hb)
500 _aIt includes index
942 _2ddc
_cEN
_mSHA
_h709.011
999 _c207453
_d207453